000 00183 a2200097 4500
020 _a9780849912962
041 _aeng
100 _aMax Lucado
245 _aJust Like Jesus
942 _cBK
999 _c13651
_d13651